| 000 | 00440nam a2200169Ia 4500 | ||
|---|---|---|---|
| 003 | GCL | ||
| 008 | 140319s9999 xx 000 0 ara d | ||
| 040 |
_aGCL / _cGCL |
||
| 082 | 0 | 4 |
_a658.409 _bن ا |
| 100 | 1 | _aناصر محمد العديلى | |
| 245 | 1 | 0 |
_aادارة الوقت / _cناصر محمد العديلى |
| 300 | _a121 ص | ||
| 490 | _a | ||
| 650 | 0 | 4 | _aالادارة |
| 650 | 0 | 4 | _aادارة الوقت |
| 942 |
_2ddc _cBK |
||
| 999 |
_c41799 _d41799 |
||